Tanah dusun

Bibliographic Details
Format: Book
Published: Kuala Lumpur : DBP , 1994
Subjects:

MARC

LEADER 00000cam a2200000 7i4500
001 0000006457
002 000006969
005 20000330.0
020 |a 9836237046 
090 0 0 |a F   |b TAN 
245 1 0 |a Tanah dusun   |c diselenggarakan oleh Amiruddin Ali dan Talib Samat 
260 |a Kuala Lumpur :   |b DBP ,   |c 1994 
300 |a 203p. ;   |c 19cm. 
650 0 0 |a Short stories, Malay 
999 |a 039806   |b BUKU   |c PINJAMAN   |e PERPUSTAKAAN KOMUNITI PETALING JAYA